Crayola Crayon Colors 64 Pack - Statistics

General Stats
  • This quiz has been taken 62,111 times
    62,110 since last reset
  • The average score is 21 of 64
Answers on the Map
Answers color-coded by a green-red scale on the quiz's map according to % correct below.
 
Answer Stats
Answer % Correct
Red
98%
Blue
96%
Black
95%
Violet
95%
White
95%
Yellow
95%
Green
94%
Orange
92%
Brown
88%
Gray
88%
Gold
69%
Brilliant Rose
68%
Silver
68%
Sky Blue
51%
Tan
48%
Light Blue
47%
Peach
47%
Maroon
46%
Navy Blue
41%
Copper
39%
Red-Orange
34%
Aquamarine
33%
Forest Green
33%
Lavender
31%
Yellow-Green
31%
Bluish-Green
28%
Sea Green
27%
Olive Green
24%
Lemon Yellow
23%
Yellow-Orange
22%
Salmon
21%
Periwinkle
20%
Blue-Violet
19%
Orange-Red
19%
Brick Red
18%
Green-Blue
18%
Green-Yellow
18%
Burnt Sienna
17%
Orange-Yellow
16%
Red-Violet
15%
Apricot
14%
Burnt Orange
13%
Plum
13%
Violet-Blue
13%
Blue-Gray
12%
Cornflower
12%
Maize
12%
Midnight Blue
12%
Violet-Red
12%
Carnation Pink
10%
Indian Red
10%
Goldenrod
9%
Mahogany
9%
Pine Green
9%
Sepia
8%
Melon
7%
Orchid
7%
Cadet Blue
6%
Spring Green
6%
Bittersweet
5%
Raw Sienna
5%
Mulberry
4%
Raw Umber
4%
Thistle
4%
No matching quizzes found
Score Distribution
Percent of People with Each Score
Percentile by Number Answered
Your Score History
You have not taken this quiz since the last reset